Krallar ve başkanlarla 50 yıl (Record no. 9546)
[ view plain ]
| 000 -BAŞLIK | |
|---|---|
| Sabit Uzunlukta Kontrol Alanı | 00867na a2200289 4500 |
| 001 - KONTROL NUMARASI | |
| Denetim Alanı | 13727 |
| 003 - KONTROL NUMARASI IDENTIFIER | |
| Denetim Alanı | MIRAKIL |
| 005 - SON İŞLEM TARİHİ VE ZAMANI | |
| Denetim Alanı | 20181213155250.0 |
| 008 - SABİT-BOY VERİ ELEMANLARI - GENEL BİLGİLER | |
| Sabit Uzunlukta Kontrol Alanı | 160908b tu 000 0 |
| 020 ## - ULUSLARARASI STANDART KİTAP NUMARASI | |
| Uluslararası Standart Kitap Numarası | 9789757059134 (c.2) |
| 020 ## - ULUSLARARASI STANDART KİTAP NUMARASI | |
| Uluslararası Standart Kitap Numarası | 975781511X (c.1) |
| 020 ## - ULUSLARARASI STANDART KİTAP NUMARASI | |
| Uluslararası Standart Kitap Numarası | 9757815101 (tk.) |
| 035 ## - SİSTEM KONTROL NUMARASI | |
| Sistem Kontrol Numarası | 13727 |
| 040 ## - KATALOGLAMA KAYNAK | |
| Orijinal Kataloglama Ajansı | Milas |
| Kataloglama Dili | tur |
| Metne Dönüştürmek Ajansı | TR-AnCHP |
| 082 ## - DEWEY ONLU SINIFLANDIRMA NUMARASI | |
| Sınıflandırma Numarası | ATA 920.02 |
| Ürün Numarası | A42k 2002 |
| 090 ## - SINIFLAMA NUMARASI | |
| Sınıflama Numarası | ATA 920.02 A42k 2002 |
| 100 ## - ANA GİRİŞ - KİŞİSEL İSİM | |
| Kişisel Ad | Akdoğan, Lütfü |
| 245 ## - BAŞLIK TABLOSU | |
| Başlık | Krallar ve başkanlarla 50 yıl |
| Sorumluluk Tablosu, Vb | Lütfü Akdoğan |
| 260 ## - YAYIN, DAĞITIM, VB | |
| Yayın, Dağıtım, Vb Yeri | İstanbul |
| Yayıncı, Dağıtıcı, Vs Adı | ABC Yayınları |
| Yayın, Dağıtım, Vb Tarihi | 2002 |
| 300 ## - FİZİKSEL TANIM | |
| Kapsam | 2 c. |
| Boyutlar | 23 sm. |
| 600 ## - KONU KATMA GİRİŞ - KURUMSAL ADI | |
| Kişisel Ad | Gülek, Kasım |
| Genel Alt Bölümü | Anılar |
| 600 ## - KONU KATMA GİRİŞ - KURUMSAL ADI | |
| Kişisel Ad | İnönü, İsmet |
| Genel Alt Bölümü | Anılar |
| 600 ## - KONU KATMA GİRİŞ - KURUMSAL ADI | |
| Kişisel Ad | Akdoğan, Lütfü |
| Genel Alt Bölümü | Anılar |
| -- | Kral ve Devlet Başkanları |
| 600 ## - KONU KATMA GİRİŞ - KURUMSAL ADI | |
| Kişisel Ad | Atatürk, Mustafa Kemal |
| Bir Adıyla İlişkilendirilen Tarihler | 1881-1938 |
| Genel Alt Bölümü | Anılar |
| 650 ## - KONU KATMA GİRİŞ - TOPİKAL DÖNEM | |
| Topikal Süreli Veya Coğrafi Ad Giriş Elemanı | 27 Mayıs 1960 |
| Genel Alt Bölümü | Anılar |
| 942 ## - EKLENDİ GİRİŞ ELEMANLARI (KOHA) | |
| Sınıflandırma Veya Raf Düzeni Kaynak | Dewey Decimal Classification |
| Koha Öğesi Türü | Books |
| 999 ## - SİSTEM KONTROL NUMARALARI (KOHA) | |
| Koha Biblionumber | 9546 |
| Koha Biblioitemnumber | 9546 |
| Kalıcı Konum | Mevcut Konum | Edinme Tarihi | Edinim Kaynak | Toplam Check-Out'Lar | Tam Çağrı Numarası | Barkod | Tarih Son Görülme | İtibaren Geçerli Fiyatlar | Koha Öğesi Türü |
|---|---|---|---|---|---|---|---|---|---|
| CHP Kütüphanesi | CHP Kütüphanesi | 08/16/2016 | Bağış | ATA 920.02 A42k 2002 | 001655 | 08/16/2016 | 08/16/2016 | Books | |
| CHP Kütüphanesi | CHP Kütüphanesi | 08/16/2016 | Bağış | ATA 920.02 A42k 2002 | 001656 | 08/16/2016 | 08/16/2016 | Books |
